00329nam a2200121Ia 4500008004100000041000800041082001700049100002200066245004500088260003600133300003100169365000700200240624s9999 xx 000 0 und d aeng a658.4063 SHE aSHENK JOSHUA WOLF aPOWERS OF TWO FINDING THE ESSENCE OF INN c2014aNew DelhibHachette India axxv, : 339 : p. : cm. ; 23 cRS